000 00317nam a22001337a 4500
008 170511b xxu||||| |||| 00| 0 eng d
020 _a9781577665649
041 _aeng
080 _a343.9
100 _a15
101 _aSHJ
245 _aINTRODUCTORY CRIMINAL JUSTICE STATISTICS
_cSODERSTROM, I.R
942 _2udc
_cBK
999 _c13151
_d13151